| 000 | 00720cam a2200217 4500 | ||
|---|---|---|---|
| 001 | WB3606-37 | ||
| 008 | 000000n2000 000 0 eng u | ||
| 035 | _a(Sirsi) u104077 | ||
| 245 | _a£160bn transport bonanza | ||
| 260 | _c2000 | ||
| 490 |
_aObserver _v6 February 2000, (1) |
||
| 520 | _aSpending on transport will rise to £160bn over the next ten years, with the government looking to schemes elsewhere in Europe to provide examples of best practice. | ||
| 590 | _aWB | ||
| 650 | _aTRAFFIC CONGESTION | ||
| 650 | _aTRANSPORT SPENDING | ||
| 650 | _aPUBLIC TRANSPORT | ||
| 650 | _aCAR OWNERSHIP | ||
| 650 | _aCOMMISSION FOR INTEGRATED TRANSPORT | ||
| 690 | _aTRANSPORT AND COMMUNICATIONS | ||
| 942 | _n0 | ||
| 999 |
_c62457 _d62457 |
||